[Event "DEN-ch Seniors 50+"]
[Site "Odder"]
[Date "2019.02.15"]
[Round "5"]
[White "Poulsen, Knud"]
[Black "Johansen, Alexander Mikkel Jo"]
[Result "0-1"]
[WhiteElo "1747"]
[BlackElo "1953"]
[PlyCount "106"]
[EventDate "2019.02.11"]
[EventType "swiss"]
[EventRounds "7"]
[EventCountry "DEN"]
[SourceTitle "CBM 189 Extra"]
[Source "ChessBase"]
[SourceDate "2019.06.03"]
[SourceVersion "1"]
[SourceVersionDate "2019.06.03"]
[SourceQuality "1"]

1. c4 Nf6 2. Nc3 e6 3. e4 Nc6 4. d4 e5 5. dxe5 Nxe5 6. Bf4 Ng6 7. Bg3 d6 8. Qc2 c6 9. Rd1 Nh5 10. Be2 Nxg3 11. hxg3 Qc7 12. Nf3 Be7 13. Bd3 Bg4 14. Qa4 Bd7 15. Qb3 Ne5 16. Nxe5 dxe5 17. Be2 Bc5 18. 0-0 0-0 19. Na4 Bd4 20. g4 Qd8 21. Qh3 Re8 22. Qh5 Re6 23. g5 h6 24. Rxd4 exd4 25. f4 hxg5 26. fxg5 Rg6 27. Nc5 Bc8 28. Nd3 Qxg5 29. Rf2 Qxh5 30. Bxh5 Rf6 31. Re2 Be6 32. b3 Re8 33. e5 Rh6 34. Bf3 Bf5 35. Be4 Bxe4 36. Rxe4 Rd8 37. g3 b6 38. Kg2 Re6 39. g4 f6 40. Kf3 fxe5 41. g5 g6 42. Ke2 c5 43. Nf2 Kg7 44. Rh4 Rh8 45. Rg4 Re7 46. Kd3 Rh2 47. Ne4 Rxa2 48. Rh4 Rb2 49. Nf6 Kf7 50. Rh7+ Ke6 51. Rh6 Kf5 52. Ne4 Rxb3+ 53. Kc2 Re3 0-1